1527 1013 1200 1741 1768 1485 1589 1945 1545 1054 1964 1619 1829 1382 1331 1529 1572 1613 1299 1258 1215 1929 1979 1345 1328 1597 1721 1662 1234 1802 1063 1424 1875 1407 1390 1241 1408 1410 1041 1911 1154 1663 1723 1425 1368 1523 1558 1066 1985 1606 1138 1981 1016 1935 1145 1428 1352 1176 1415 1032 1828 1215 1504 1818 1755 1863 1271 1441 1233 1346 1220 1680 1865 1648 1456 1063 1236 1669 1560 1228 1911 1208 1935 1470 1025 1547 1590 1818 1081 1735 1146 1822 1075 1123 1979 1950 1444 1071 1808 BCNSPRNW ULIB Ver.6.0+V

เปลี่ยนเป็นภาษาไทย

Change to English
 แสดงรายละเอียดบรรณานุกรม
  กลับหน้าหลัก

Brief Record : Get Marc (ISO 2709) : E-mail record : QR code < ปิดหน้าต่าง
LEADER : 00000nam 2200000uu 4500
001    13399120109
003     ULIB
008    020711s2552 th a 000 0 tha d
020    9786110600972
090    นว.^bต792จ
100    เตี่ยนซิน^eเขียน
245    จอมพยัคฆ์หญิง /^cเตี่ยนซิน
260    กรุงเทพฯ :^bแจ่มใส,^c2552
300    217 หน้า
700    พวงหยก,^eแปล
945    ^p159^l0^i026768
999    ^aทศพร
รายการนี้ยังไม่มีแท็ก
คุณยังไม่ได้ล็อกอิน คุณสามารถมีกิจกรรมร่วมกับเว็บไซต์ได้ แต่ต้องล็อกอินก่อน ::
  ล็อกอิน

รายการสื่อสารสนเทศ

ลำดับที่ ประเภท เลขเรียก/บาร์โค้ด สถานที่ สถานะ
1. นวนิยาย
นวนิยาย
นว. ต792จ ฉ.1 
  Barcode: 026768
ห้องสมุดวิทยาเขตสวรรค์ประชารักษ์
►นวนิยาย
บนชั้น
  ขอยืม

BibComment


ยังไม่เคยถูกคอมเมนท์

คอมเมนท์ทรัพยากรรายการนี้
  คอมเมนท์: จอมพยัคฆ์หญิง เต..


 Copyright 2026. Bcnsprnw @Library